| 000 | 00823nam a2200253Ia 4500 | ||
|---|---|---|---|
| 001 | 21946 | ||
| 005 | 20260320113327.0 | ||
| 008 | 260320s9999||||xx |||||||||||||| ||und|| | ||
| 020 | _a9786124861901 | ||
| 041 | _aESP | ||
| 082 |
_a355 _bB72 |
||
| 100 |
_aBolognesi Cervantes, Mariano, _eAUT |
||
| 245 | 0 |
_aMáximas, consejos e instrucciones sobre el arte de la guerra _b |
|
| 246 |
_a _5 _b |
||
| 260 |
_aLima : _bSomos Libres, _c2021 |
||
| 300 |
_a238 páginas : _bIlustraciones, fotografías, diagramas ; _c21 cm. _e |
||
| 440 |
_a _n _v |
||
| 650 | _aCIS | ||
| 653 | _aCiencia militar; Guerra; Táctica militar | ||
| 654 | _aCAN | ||
| 700 |
_aCam, Luis Enrique, _cEDT |
||
| 856 |
_uhttps://0u20jm8nq-y-https-www-jstor-org.itmsp.museknowledge.com/ _zVéase además: Base de datos JSTOR |
||
| 942 |
_cLIB _dJUS _fMAT _2ddc _n |
||
| 999 |
_c21946 _d21946 |
||